000 00538nam a2200181Ia 4500
001 21185
005 20260306172900.0
008 260306t2020||||xx |||||||||||||| ||spa||
041 _aESP
082 _a344J
_bY991 T. 1
100 _aYvancovich Vásquez, Branko
_eAUT
245 0 _aCompendio de jurisprudencia vinculante penal y procesal penal:
_bnuevos precedentes, acuerdos plenarios, doctrina jurisprudencial
260 _c2020
300 _a542 páginas :
_c25 cm.
650 _aGEN
654 _aCDE
942 _cLIB
_dJUS
_fJUS
_2ddc
_n
999 _c21185
_d21185